[Event "SM-2022-0-00485"]
[Site "LSS email"]
[Date "2022.09.28"]
[Round "?"]
[White "Buzas, Gyula"]
[Black "Ozen, Bahadir"]
[Result "0-1"]
[WhiteElo "2217"]
[BlackElo "2255"]
[PlyCount "65"]
[EventDate "2022.09.20"]
[EventType "tourn (corr)"]
[EventRounds "6"]
[EventCountry "GER"]
[SourceTitle "Corr 2024"]
[Source "ChessBase"]
[SourceDate "2023.10.19"]
[SourceVersion "1"]
[SourceVersionDate "2023.10.19"]
[SourceQuality "1"]

1. d4 Nf6 2. c4 e6 3. Nc3 Bb4 4. e3 0-0 5. Bd3 d5 6. Nf3 dxc4 7. Bxc4 c5 8. 0-0 cxd4 9. exd4 b6 10. Ne5 Bb7 11. Qb3 Bxc3 12. bxc3 Nc6 13. Nxf7 Rxf7 14. Bxe6 Qe8 15. f3 Na5 16. Bxf7+ Qxf7 17. Qc2 Rc8 18. Bd2 Nd5 19. Rfe1 Nc4 20. Qd3 h6 21. Rac1 b5 22. Re2 Bc6 23. Qb1 a5 24. Qc2 Bd7 25. Qd1 a4 26. Qe1 Bf5 27. Kh1 Bd3 28. Rf2 a3 29. Qd1 Nb2 30. Qb3 Ra8 31. Rg1 Bc4 32. Qc2 Re8 33. Bc1 0-1

[Event "SM-2022-0-00484"]
[Site "LSS email"]
[Date "2022.09.25"]
[Round "?"]
[White "Buzas, Gyula"]
[Black "Helmer, Janos"]
[Result "0-1"]
[WhiteElo "2217"]
[BlackElo "2232"]
[PlyCount "81"]
[EventDate "2022.09.10"]
[EventType "tourn (corr)"]
[EventRounds "6"]
[EventCountry "GER"]
[SourceTitle "Corr 2024"]
[Source "ChessBase"]
[SourceDate "2023.10.19"]
[SourceVersion "1"]
[SourceVersionDate "2023.10.19"]
[SourceQuality "1"]

1. d4 d5 2. c4 c6 3. Nf3 Nf6 4. Nc3 e6 5. e3 Nbd7 6. Qc2 Bd6 7. Bd3 dxc4 8. Bxc4 0-0 9. 0-0 b5 10. Be2 Bb7 11. Rd1 Qc7 12. e4 e5 13. Bg5 exd4 14. Rxd4 Ne5 15. Bxf6 gxf6 16. g3 Bc5 17. Rd2 Rad8 18. Rxd8 Rxd8 19. Rd1 Rxd1+ 20. Nxd1 Qd6 21. a3 a5 22. Ne1 Bc8 23. Ng2 a4 24. Nge3 Be6 25. Kg2 Qd4 26. Nf5 Bxf5 27. exf5 Qd5+ 28. f3 Bd4 29. Qd2 Nc4 30. Qc2 Nd6 31. Nc3 Qb3 32. Qd2 Nxf5 33. Nd1 Kg7 34. Qd3 Qd5 35. Qd2 Nd6 36. Qc2 c5 37. Qd2 h5 38. Qc2 c4 39. Nc3 Bxc3 40. Qxc3 Nf5 41. Bf1 0-1

[Event "SM-2022-0-00482"]
[Site "LSS email"]
[Date "2022.09.20"]
[Round "?"]
[White "Buzas, Gyula"]
[Black "Mostowik, Daniel"]
[Result "0-1"]
[WhiteElo "2217"]
[BlackElo "2261"]
[PlyCount "74"]
[EventDate "2022.09.02"]
[EventType "tourn (corr)"]
[EventRounds "6"]
[EventCountry "GER"]
[SourceTitle "Corr 2024"]
[Source "ChessBase"]
[SourceDate "2023.10.19"]
[SourceVersion "1"]
[SourceVersionDate "2023.10.19"]
[SourceQuality "1"]

1. d4 f5 2. g3 Nf6 3. Bg2 d5 4. c3 e6 5. Bg5 Be7 6. Bxf6 Bxf6 7. e3 0-0 8. Nd2 c6 9. Qc2 Nd7 10. Ne2 e5 11. Bh3 g6 12. Bg2 e4 13. Nf4 Re8 14. Bf1 g5 15. Ng2 f4 16. gxf4 gxf4 17. Nxf4 Bg5 18. Ng2 Kh8 19. 0-0-0 Qf6 20. Nb1 Rf8 21. Rd2 b5 22. h4 Bh6 23. a4 a6 24. Na3 Qd6 25. a5 c5 26. Ne1 c4 27. b4 cxb3 28. Qxb3 Nb8 29. Nec2 Nc6 30. Nb4 Nxa5 31. Qa2 Be6 32. Nbc2 Rfc8 33. Nb1 Nc6 34. Kd1 b4 35. Be2 a5 36. Qa1 Qf8 37. Ke1 b3 0-1

[Event "SM-2022-0-00482"]
[Site "LSS email"]
[Date "2022.09.18"]
[Round "?"]
[White "Koch, Christian"]
[Black "Buzas, Gyula"]
[Result "1-0"]
[WhiteElo "2304"]
[BlackElo "2217"]
[PlyCount "97"]
[EventDate "2022.09.02"]
[EventType "tourn (corr)"]
[EventRounds "6"]
[EventCountry "GER"]
[SourceTitle "Corr 2024"]
[Source "ChessBase"]
[SourceDate "2023.10.19"]
[SourceVersion "1"]
[SourceVersionDate "2023.10.19"]
[SourceQuality "1"]

1. c3 e5 2. d4 exd4 3. cxd4 d5 4. Nc3 c5 5. Nf3 Nc6 6. dxc5 d4 7. Na4 Bxc5 8. Nxc5 Qa5+ 9. Bd2 Qxc5 10. Rc1 Qb6 11. e3 dxe3 12. Bxe3 Qxb2 13. Bc4 Nge7 14. Ng5 0-0 15. Qh5 Bf5 16. Bxf7+ Kh8 17. 0-0 Qf6 18. f4 h6 19. g4 Bd3 20. Rf2 Bg6 21. Bxg6 Qxg6 22. Qxg6 Nxg6 23. Ne6 Rf7 24. Rc3 Nf8 25. Nxf8 Raxf8 26. Rd2 Re8 27. Rd5 Ree7 28. Kg2 Rd7 29. Rcd3 Rxd5 30. Rxd5 Rc7 31. Kf3 Kh7 32. Rd6 b6 33. h4 Kg8 34. h5 Kf7 35. a3 Na5 36. Bd4 Nc4 37. Rg6 Kg8 38. g5 hxg5 39. fxg5 Kh7 40. a4 Re7 41. Kf4 Rf7+ 42. Kg3 Rd7 43. Ba1 Nd6 44. Re6 Kg8 45. g6 Kf8 46. Kg4 Ne8 47. Bb2 Rd8 48. Rc6 Rb8 49. Kf5 1-0

[Event "SM-2020-0-00416"]
[Site "LSS email"]
[Date "2020.01.12"]
[Round "?"]
[White "Buzas, Gyula"]
[Black "Baroin, Bernard"]
[Result "0-1"]
[WhiteElo "2339"]
[BlackElo "2173"]
[PlyCount "130"]
[EventDate "2019.10.14"]
[EventType "tourn (corr)"]
[EventRounds "6"]
[EventCountry "GER"]
[SourceTitle "Corr 2022"]
[Source "ChessBase"]
[SourceDate "2021.10.24"]
[SourceVersion "1"]
[SourceVersionDate "2021.10.24"]
[SourceQuality "1"]

1. d4 Nf6 2. c4 e6 3. Nc3 Bb4 4. Qc2 0-0 5. a3 Bxc3+ 6. Qxc3 b6 7. Bg5 h6 8. Bh4 Bb7 9. e3 d6 10. f3 Nbd7 11. Nh3 e5 12. d5 Rc8 13. Qb3 e4 14. f4 c6 15. dxc6 Rxc6 16. Nf2 Qc7 17. Rd1 Rc5 18. Be2 d5 19. cxd5 Bxd5 20. Qb4 a5 21. Qa4 b5 22. Qd4 Bb3 23. Ra1 Rd8 24. Nxe4 Rc1+ 25. Rxc1 Qxc1+ 26. Kf2 Qxh1 27. Nxf6+ gxf6 28. Bxf6 Nxf6 29. Qxd8+ Kg7 30. Bf3 a4 31. h3 Bd5 32. Qc7 Bxf3 33. Kxf3 Qd1+ 34. Kg3 Ne4+ 35. Kh2 Qd6 36. Qc2 Qd5 37. Qe2 Nd2 38. Qd1 Kf6 39. Qe2 Ke7 40. Qf2 Kd7 41. Qe2 Kc7 42. Qf2 Kc6 43. Qe2 Nc4 44. Qf2 Qe4 45. Qh4 Nxe3 46. Qxh6+ Kc5 47. Qf8+ Kc4 48. Qb4+ Kd3 49. Qxb5+ Kc2 50. Qe2+ Kb3 51. Qf2 Nd1 52. Qb6+ Kc2 53. Qc7+ Kxb2 54. Qxf7 Ne3 55. Qg7+ Kxa3 56. f5 Nxf5 57. Qc3+ Ka2 58. Qd2+ Kb3 59. Qd1+ Ka3 60. Qc1+ Kb3 61. Qd1+ Qc2 62. Qd5+ Kb4 63. Qb7+ Ka3 64. Qf3+ Kb2 65. Qb7+ Qb3 0-1

[Event "SM-2020-0-00415"]
[Site "LSS email"]
[Date "2020.01.12"]
[Round "?"]
[White "Buzas, Gyula"]
[Black "Corti, Horacio"]
[Result "0-1"]
[WhiteElo "2339"]
[BlackElo "2289"]
[PlyCount "102"]
[EventDate "2019.07.27"]
[EventType "tourn (corr)"]
[EventRounds "6"]
[EventCountry "GER"]
[SourceTitle "Corr 2022"]
[Source "ChessBase"]
[SourceDate "2021.10.24"]
[SourceVersion "1"]
[SourceVersionDate "2021.10.24"]
[SourceQuality "1"]

1. d4 Nf6 2. c4 e6 3. Nc3 Bb4 4. Qc2 0-0 5. a3 Bxc3+ 6. Qxc3 b6 7. Bg5 Bb7 8. e3 h6 9. Bh4 d6 10. Ne2 Nbd7 11. Qd3 Ba6 12. Nc3 d5 13. Qc2 dxc4 14. Qa4 Bb7 15. Qxc4 c5 16. Rd1 Qc7 17. Nb5 Qc6 18. dxc5 bxc5 19. Nd6 Rfd8 20. Qb3 Nb6 21. Nxb7 Qxb7 22. Bxf6 gxf6 23. h4 Qe4 24. Rc1 Rab8 25. Rh3 Qe5 26. Qc2 f5 27. b3 Nd5 28. Rg3+ Kh7 29. Be2 Rd7 30. a4 Rbd8 31. Rh3 Nb4 32. Qc3 Qxc3+ 33. Rxc3 Rd2 34. Rxc5 Ra2 35. Rc1 Rdd2 36. Bf1 Rxf2 37. Rg3 Nd5 38. b4 Rfb2 39. Bc4 Rxa4 40. Bxd5 exd5 41. h5 Raxb4 42. Rc7 Rb7 43. Rxb7 Rxb7 44. Rf3 a5 45. Rxf5 a4 46. Rxd5 Ra7 47. Rd2 Kg7 48. Kd1 a3 49. Ra2 Kf6 50. Kc1 Kg5 51. Kb1 Kxh5 0-1

[Event "SM-2020-0-00416"]
[Site "LSS email"]
[Date "2020.01.12"]
[Round "?"]
[White "Jablonski, Czeslaw"]
[Black "Buzas, Gyula"]
[Result "1-0"]
[WhiteElo "2198"]
[BlackElo "2339"]
[PlyCount "93"]
[EventDate "2019.10.14"]
[EventType "tourn (corr)"]
[EventRounds "6"]
[EventCountry "GER"]
[SourceTitle "Corr 2022"]
[Source "ChessBase"]
[SourceDate "2021.10.24"]
[SourceVersion "1"]
[SourceVersionDate "2021.10.24"]
[SourceQuality "1"]

1. e4 e5 2. Nf3 Nf6 3. Nxe5 d6 4. Nf3 Nxe4 5. d4 d5 6. Bd3 Nc6 7. 0-0 Be7 8. c4 Nb4 9. Be2 0-0 10. Nc3 Bf5 11. a3 Nxc3 12. bxc3 Nc6 13. Re1 Re8 14. cxd5 Qxd5 15. Bf4 Rac8 16. Bd3 Qd7 17. Rb1 b6 18. d5 Qxd5 19. Bb5 Qc5 20. Be3 Qd6 21. Qa4 Bxb1 22. Rxb1 Qxa3 23. Qxa3 Bxa3 24. Bxc6 Re7 25. Ra1 Bb2 26. Rxa7 Bxc3 27. g4 f6 28. Kg2 Kf8 29. Bf4 g5 30. Bc1 Kg8 31. Ba3 Rg7 32. Ra4 Rd8 33. Rc4 Be5 34. Nxe5 fxe5 35. Re4 Rg6 36. Be7 Rd4 37. Rxd4 exd4 38. Be4 Rh6 39. Bxg5 Rd6 40. Bf4 Rd7 41. Bc6 Re7 42. g5 Kf7 43. Kf3 Kg7 44. h4 Re6 45. Be4 Re7 46. Bd3 Kf8 47. h5 1-0

[Event "SM-2019-0-00414"]
[Site "LSS email"]
[Date "2019.12.27"]
[Round "?"]
[White "Buzas, Gyula"]
[Black "Johansson, Krister"]
[Result "0-1"]
[WhiteElo "2339"]
[BlackElo "2281"]
[PlyCount "86"]
[EventDate "2019.07.21"]
[EventType "tourn (corr)"]
[EventRounds "6"]
[EventCountry "GER"]
[SourceTitle "Corr 2022"]
[Source "ChessBase"]
[SourceDate "2021.10.24"]
[SourceVersion "1"]
[SourceVersionDate "2021.10.24"]
[SourceQuality "1"]

1. d4 Nf6 2. c4 e5 3. dxe5 Ng4 4. Nf3 Bc5 5. e3 Nc6 6. Be2 0-0 7. 0-0 Ngxe5 8. Nxe5 Nxe5 9. Nc3 Re8 10. b3 a5 11. Bb2 Ra6 12. Ne4 Ba7 13. Qd5 Rh6 14. Bxe5 c6 15. Bf6 gxf6 16. Qd3 d5 17. Ng3 dxc4 18. Qxd8 Rxd8 19. Rfd1 Re8 20. bxc4 f5 21. Rd3 Bc5 22. Rad1 Kf8 23. R3d2 Ke7 24. Bd3 Kf6 25. Bf1 Ke7 26. Bd3 Kf6 27. Bf1 Rg8 28. Ne2 Ke7 29. g3 Rd6 30. Rxd6 Bxd6 31. Nd4 Rd8 32. Bh3 Kf6 33. Nb3 a4 34. Na1 Be7 35. Rxd8 Bxd8 36. Nc2 Ke5 37. Nd4 Kd6 38. Bxf5 Bxf5 39. Nxf5+ Kc5 40. Kg2 Bc7 41. f4 Kxc4 42. Nh6 b5 43. Nxf7 b4 0-1

[Event "SM-2019-0-00415"]
[Site "LSS email"]
[Date "2019.11.07"]
[Round "?"]
[White "Buzas, Gyula"]
[Black "Willmann, Bernd"]
[Result "0-1"]
[WhiteElo "2339"]
[BlackElo "2276"]
[PlyCount "100"]
[EventDate "2019.07.27"]
[EventType "tourn (corr)"]
[EventRounds "6"]
[EventCountry "GER"]
[SourceTitle "Corr 2022"]
[Source "ChessBase"]
[SourceDate "2021.10.24"]
[SourceVersion "1"]
[SourceVersionDate "2021.10.24"]
[SourceQuality "1"]

1. d4 Nf6 2. c4 e6 3. Nf3 b6 4. g3 Ba6 5. b3 Bb4+ 6. Bd2 Be7 7. Bg2 d5 8. cxd5 exd5 9. Nc3 0-0 10. 0-0 Bb7 11. Qc2 Nbd7 12. Bg5 Re8 13. e3 h6 14. Bxf6 Nxf6 15. a3 c5 16. Rfd1 Rc8 17. Bh3 Ra8 18. a4 Rb8 19. Rac1 Bf8 20. Bf5 Qe7 21. Ne5 g6 22. Bd3 a6 23. Nxf7 Kxf7 24. Bxg6+ Kg7 25. Bxe8 Qxe8 26. Qe2 Rc8 27. Qb2 Kg8 28. Ne2 c4 29. Nf4 Nh5 30. Ng2 b5 31. axb5 axb5 32. Qc2 Ba3 33. Ra1 b4 34. Nh4 c3 35. Ng6 Rc7 36. Ne5 Nf6 37. f3 Nd7 38. f4 Kg7 39. Ra2 Nxe5 40. dxe5 Qe6 41. Raa1 Bc8 42. e4 Qb6+ 43. Kg2 dxe4 44. Rd8 Rd7 45. Rxd7+ Bxd7 46. Re1 Qc6 47. Kf2 Bf5 48. Kg1 Qc5+ 49. Kh1 Qd5 50. Qg2 Bg4 0-1

[Event "SM-2019-0-00412"]
[Site "LSS email"]
[Date "2019.11.06"]
[Round "?"]
[White "Marwitz, Ullrich"]
[Black "Buzas, Gyula"]
[Result "1-0"]
[WhiteElo "2362"]
[BlackElo "2339"]
[PlyCount "97"]
[EventDate "2019.06.11"]
[EventType "tourn (corr)"]
[EventRounds "6"]
[EventCountry "GER"]
[SourceTitle "Corr 2022"]
[Source "ChessBase"]
[SourceDate "2021.10.24"]
[SourceVersion "1"]
[SourceVersionDate "2021.10.24"]
[SourceQuality "1"]

1. e4 e5 2. Nf3 Nc6 3. Bb5 a6 4. Ba4 Nf6 5. d3 d6 6. c3 g6 7. 0-0 Bg7 8. h3 0-0 9. Re1 b5 10. Bc2 d5 11. a4 b4 12. Nbd2 dxe4 13. dxe4 Nh5 14. Nb3 Qxd1 15. Rxd1 Rb8 16. Nc5 bxc3 17. bxc3 Nf4 18. Nd7 Bxd7 19. Rxd7 Rb7 20. Kf1 Rd8 21. Rxd8+ Nxd8 22. g3 Nfe6 23. Be3 Rb2 24. Bd3 a5 25. Nd2 Nc5 26. Bb1 Bf8 27. Nc4 Rb3 28. Nxa5 Rxc3 29. Bd2 Rf3 30. Bc2 h5 31. Nc4 Nc6 32. a5 Na6 33. Ba4 Rf6 34. Bg5 Re6 35. Bb5 Nc5 36. Nd2 Nb4 37. Rc1 c6 38. Be2 Re8 39. Be3 Nd7 40. a6 Ra8 41. a7 Be7 42. Bd1 c5 43. Rb1 Kg7 44. Nc4 h4 45. g4 Nf6 46. Nxe5 Nxe4 47. Bf3 f5 48. Kg2 Rxa7 49. Bxe4 1-0

[Event "SM-2019-0-00412"]
[Site "LSS email"]
[Date "2019.11.06"]
[Round "?"]
[White "Moessle, Harald"]
[Black "Buzas, Gyula"]
[Result "1-0"]
[WhiteElo "2329"]
[BlackElo "2339"]
[PlyCount "59"]
[EventDate "2019.06.11"]
[EventType "tourn (corr)"]
[EventRounds "6"]
[EventCountry "GER"]
[SourceTitle "Corr 2022"]
[Source "ChessBase"]
[SourceDate "2021.10.24"]
[SourceVersion "1"]
[SourceVersionDate "2021.10.24"]
[SourceQuality "1"]

1. d4 Nf6 2. Bg5 Ne4 3. Bf4 c5 4. f3 Qa5+ 5. c3 Nf6 6. d5 Qb6 7. b3 e6 8. e4 exd5 9. exd5 Bd6 10. Bg5 Be7 11. Qd2 h6 12. Be3 d6 13. c4 0-0 14. Nc3 Nbd7 15. Nge2 Re8 16. Ng3 h5 17. Be2 Qd8 18. 0-0 h4 19. Nf5 Nh7 20. Rae1 Bf8 21. g4 hxg3 22. hxg3 Ne5 23. g4 Bxf5 24. gxf5 Be7 25. Kg2 Qc8 26. f4 Nd7 27. Bd3 Rf8 28. Rh1 Bd8 29. Ne4 Nhf6 30. Nxd6 1-0

[Event "SM-2019-0-00415"]
[Site "LSS email"]
[Date "2019.10.23"]
[Round "?"]
[White "Buzas, Gyula"]
[Black "Tyutyunnik, Roman"]
[Result "0-1"]
[WhiteElo "2339"]
[BlackElo "2188"]
[PlyCount "114"]
[EventDate "2019.07.27"]
[EventType "tourn (corr)"]
[EventRounds "6"]
[EventCountry "GER"]
[SourceTitle "Corr 2022"]
[Source "ChessBase"]
[SourceDate "2021.10.24"]
[SourceVersion "1"]
[SourceVersionDate "2021.10.24"]
[SourceQuality "1"]

1. d4 Nf6 2. c4 g6 3. Nc3 Bg7 4. e4 d6 5. Nf3 0-0 6. Be2 e5 7. 0-0 Nc6 8. d5 Ne7 9. Ne1 Nd7 10. Be3 f5 11. f3 f4 12. Bf2 g5 13. a4 a5 14. Nd3 b6 15. b4 axb4 16. Nxb4 Nf6 17. Nd3 Ng6 18. Qd2 g4 19. Nb5 g3 20. hxg3 Nh5 21. Qe1 fxg3 22. Bxg3 Bh6 23. Bh2 Rf7 24. Kh1 Ngf4 25. Nb4 Rg7 26. Nc6 Qf6 27. g4 Bg5 28. Rg1 Nh3 29. gxh5 Nxg1 30. Qxg1 Kh8 31. Nxc7 Rxc7 32. Qxb6 Rb7 33. Qf2 Rg7 34. Rg1 Bh4 35. Qe3 Rxg1+ 36. Qxg1 Bh3 37. Bxe5 dxe5 38. Qh2 Rg8 39. Qxe5 Bg2+ 40. Kh2 Bg3+ 41. Qxg3 Rxg3 42. Kxg3 Qg5+ 43. Kf2 Bh3 44. Nb4 Qd2 45. Nd3 Kg7 46. c5 Bc8 47. c6 Ba6 48. c7 Qc2 49. Nf4 Bxe2 50. Nxe2 Qxc7 51. Ke3 Qa7+ 52. Nd4 Kh6 53. e5 Kxh5 54. Kd3 Qxa4 55. Ke3 Kg5 56. e6 Qa3+ 57. Ke4 Qd6 0-1

[Event "SM-2019-0-00416"]
[Site "LSS email"]
[Date "2019.10.23"]
[Round "?"]
[White "Mostowik, Daniel"]
[Black "Buzas, Gyula"]
[Result "1-0"]
[WhiteElo "2217"]
[BlackElo "2339"]
[PlyCount "63"]
[EventDate "2019.10.14"]
[EventType "tourn (corr)"]
[EventRounds "6"]
[EventCountry "GER"]
[SourceTitle "Corr 2022"]
[Source "ChessBase"]
[SourceDate "2021.10.24"]
[SourceVersion "1"]
[SourceVersionDate "2021.10.24"]
[SourceQuality "1"]

1. e4 c5 2. Nf3 d6 3. d4 cxd4 4. Nxd4 Nf6 5. Nc3 a6 6. h3 e6 7. g4 d5 8. exd5 Nxd5 9. Nde2 Bb4 10. Bg2 0-0 11. 0-0 Bxc3 12. Nxc3 Nxc3 13. bxc3 Qa5 14. Qd3 Rd8 15. Qg3 Nc6 16. Be4 e5 17. Qh4 f5 18. gxf5 Qxc3 19. Rb1 Qc4 20. f6 g6 21. f7+ Qxf7 22. Bxc6 Rd4 23. Be4 Bf5 24. f3 Re8 25. Bh6 Rc8 26. c3 Rd7 27. Rb6 Qc4 28. Rf6 Be6 29. Qg5 Rf7 30. Bxg6 Qc5+ 31. Kh1 Rxf6 32. Qxf6 1-0

[Event "SM-2019-0-00414"]
[Site "LSS email"]
[Date "2019.10.23"]
[Round "?"]
[White "Steinke, Ruediger"]
[Black "Buzas, Gyula"]
[Result "1-0"]
[WhiteElo "2290"]
[BlackElo "2339"]
[PlyCount "47"]
[EventDate "2019.07.21"]
[EventType "tourn (corr)"]
[EventRounds "6"]
[EventCountry "GER"]
[SourceTitle "Corr 2022"]
[Source "ChessBase"]
[SourceDate "2021.10.24"]
[SourceVersion "1"]
[SourceVersionDate "2021.10.24"]
[SourceQuality "1"]

1. e4 c6 2. d4 d5 3. e5 Bf5 4. Nf3 e6 5. Be2 c5 6. Be3 Qb6 7. Nc3 Nc6 8. 0-0 c4 9. Rb1 Nb4 10. Ne1 Rc8 11. b3 Qa5 12. bxc4 Nxc2 13. Nxc2 Qxc3 14. cxd5 Bxc2 15. Bb5+ Kd8 16. Qf3 f6 17. d6 Rc6 18. Bxc6 Bxb1 19. Bxb7 Bxa2 20. Rc1 Bd5 21. Bxd5 Qxc1+ 22. Bxc1 exd5 23. Qxd5 fxe5 24. dxe5 1-0

[Event "SM-2019-0-00412"]
[Site "LSS email"]
[Date "2019.10.22"]
[Round "?"]
[White "Buzas, Gyula"]
[Black "Susla, Vitaliy"]
[Result "1/2-1/2"]
[WhiteElo "2339"]
[BlackElo "2297"]
[PlyCount "50"]
[EventDate "2019.06.11"]
[EventType "tourn (corr)"]
[EventRounds "6"]
[EventCountry "GER"]
[SourceTitle "Corr 2022"]
[Source "ChessBase"]
[SourceDate "2021.10.24"]
[SourceVersion "1"]
[SourceVersionDate "2021.10.24"]
[SourceQuality "1"]

1. d4 d5 2. c4 c6 3. Nf3 Nf6 4. Nc3 e6 5. e3 Nbd7 6. Qc2 Bd6 7. Be2 0-0 8. 0-0 dxc4 9. Bxc4 b5 10. Be2 Bb7 11. Rd1 Qc7 12. e4 e5 13. dxe5 Nxe5 14. h3 b4 15. Nxe5 Bxe5 16. Na4 c5 17. Be3 Bxe4 18. Qxc5 Qxc5 19. Bxc5 Bc2 20. Bxf8 Kxf8 21. b3 Ne4 22. Bf3 Bxa1 23. Rxa1 Rc8 24. Bg4 Rd8 25. Bf5 g6 1/2-1/2

[Event "HUN-chT2 Szechenyi 1617"]
[Site "Hungary"]
[Date "2017.01.29"]
[Round "7.4"]
[White "Buzas, Gyula"]
[Black "Szep, Milan"]
[Result "1-0"]
[WhiteElo "1876"]
[BlackElo "1987"]
[PlyCount "21"]
[EventDate "2016.09.25"]
[EventType "team-tourn"]
[EventRounds "11"]
[EventCountry "HUN"]
[SourceTitle "EXT 2021"]
[Source "ChessBase"]
[SourceDate "2020.10.23"]
[SourceVersion "1"]
[SourceVersionDate "2020.10.23"]
[SourceQuality "1"]
[WhiteTeam "Papa"]
[BlackTeam "Sarvar"]
[WhiteTeamCountry "HUN"]
[BlackTeamCountry "HUN"]

1. d4 d5 2. Nf3 Nf6 3. c4 e6 4. Nc3 Nbd7 5. Bg5 Be7 6. e3 b6 7. cxd5 exd5 8. Bb5 Bb7 9. Ne5 0-0 10. Nc6 Bd6 11. Nxd8 1-0

[Event "SM-2014-0-00287"]
[Site "LSS email"]
[Date "2014.04.03"]
[Round "?"]
[White "Buzas, Gyula"]
[Black "Pascual Perez, Norge"]
[Result "1/2-1/2"]
[WhiteElo "2346"]
[BlackElo "2397"]
[PlyCount "37"]
[EventDate "2014.01.17"]
[EventType "tourn (corr)"]
[EventRounds "6"]
[EventCountry "GER"]
[SourceTitle "Corr 2022"]
[Source "ChessBase"]
[SourceDate "2021.10.24"]
[SourceVersion "1"]
[SourceVersionDate "2021.10.24"]
[SourceQuality "1"]

1. d4 Nf6 2. c4 g6 3. Nc3 d5 4. cxd5 Nxd5 5. e4 Nxc3 6. bxc3 Bg7 7. Bc4 c5 8. Ne2 Nc6 9. Be3 0-0 10. 0-0 Na5 11. Bd3 b6 12. Rb1 cxd4 13. cxd4 e6 14. Qd2 Bb7 15. Rfc1 Rc8 16. Qb4 Qd7 17. f3 Rxc1+ 18. Rxc1 Rc8 19. Rxc8+ 1/2-1/2

[Event "ZH-2013-0-01006"]
[Site "LSS email"]
[Date "2013.02.20"]
[Round "?"]
[White "Buzas, Gyula"]
[Black "Haug, Ulrich"]
[Result "1/2-1/2"]
[WhiteElo "2237"]
[BlackElo "2415"]
[PlyCount "44"]
[EventDate "2013.02.11"]
[EventType "match (corr)"]
[EventRounds "2"]
[EventCountry "GER"]
[SourceTitle "Telechess CBM 159"]
[Source "ChessBase"]
[SourceDate "2014.03.17"]
[SourceVersion "1"]
[SourceVersionDate "2014.03.17"]
[SourceQuality "1"]
[WhiteTeam "IWEC (Canada)"]

1. d4 Nf6 2. c4 e6 3. Nc3 Bb4 4. Nf3 c5 5. e3 b6 6. Bd3 Bb7 7. 0-0 0-0 8. Bd2 cxd4 9. exd4 d5 10. cxd5 Nxd5 11. Qe2 Nd7 12. Nxd5 Bxd2 13. Qe4 g6 14. Ne7+ Qxe7 15. Qxb7 Bf4 16. g3 Bd6 17. Kg2 Rfb8 18. Qe4 Nf6 19. Qe2 Rc8 20. a3 Kg7 21. Rfd1 Rc7 22. Rab1 Rd8 1/2-1/2

[Event "SM-2012-0-00224"]
[Site "LSS email"]
[Date "2012.10.29"]
[Round "?"]
[White "Buzas, Gyula"]
[Black "Steinke, Ruediger"]
[Result "1/2-1/2"]
[WhiteElo "2242"]
[BlackElo "2223"]
[PlyCount "42"]
[EventDate "2012.10.19"]
[EventType "tourn (corr)"]
[EventRounds "6"]
[EventCountry "GER"]
[SourceTitle "Telechess CBM 161"]
[Source "ChessBase"]
[SourceDate "2014.07.16"]
[SourceVersion "1"]
[SourceVersionDate "2014.07.16"]
[SourceQuality "1"]

1. d4 d5 2. Nf3 Nf6 3. c4 c6 4. e3 e6 5. Nc3 Nbd7 6. Qc2 Bd6 7. Bd3 0-0 8. 0-0 dxc4 9. Bxc4 a6 10. Rd1 b5 11. Be2 Qc7 12. Ne4 Nxe4 13. Qxe4 Bb7 14. Bd3 g6 15. Qh4 c5 16. Ng5 h5 17. Ne4 Bxe4 18. Bxe4 Rac8 19. Bd2 Rfe8 20. a4 b4 21. Bd3 Be7 1/2-1/2

[Event "SM-2012-0-00224"]
[Site "LSS email"]
[Date "2012.10.29"]
[Round "?"]
[White "Liamtsau, Valery"]
[Black "Buzas, Gyula"]
[Result "1/2-1/2"]
[WhiteElo "2184"]
[BlackElo "2242"]
[PlyCount "28"]
[EventDate "2012.10.19"]
[EventType "tourn (corr)"]
[EventRounds "6"]
[EventCountry "GER"]
[SourceTitle "Corr 2015"]
[Source "ChessBase"]
[SourceDate "2015.07.17"]
[SourceVersion "1"]
[SourceVersionDate "2015.07.17"]
[SourceQuality "1"]

1. e4 c5 2. Nf3 d6 3. d4 cxd4 4. Nxd4 Nf6 5. Nc3 a6 6. Bg5 e6 7. Qf3 h6 8. Bxf6 Qxf6 9. Qxf6 gxf6 10. Nb3 b6 11. 0-0-0 Bb7 12. Be2 Nd7 13. Rhe1 h5 14. h4 0-0-0 1/2-1/2

[Event "SM-2012-0-00218"]
[Site "LSS email"]
[Date "2012.09.20"]
[Round "?"]
[White "Buzas, Gyula"]
[Black "Kopasov, Evgeny Aleksandrovi"]
[Result "1/2-1/2"]
[WhiteElo "2242"]
[BlackElo "2137"]
[PlyCount "37"]
[EventDate "2012.08.28"]
[EventType "tourn (corr)"]
[EventRounds "6"]
[EventCountry "GER"]
[SourceTitle "Corr 2015"]
[Source "ChessBase"]
[SourceDate "2015.07.17"]
[SourceVersion "1"]
[SourceVersionDate "2015.07.17"]
[SourceQuality "1"]

1. d4 Nf6 2. c4 g6 3. Nc3 d5 4. cxd5 Nxd5 5. e4 Nxc3 6. bxc3 Bg7 7. Bc4 c5 8. Ne2 Nc6 9. Be3 0-0 10. 0-0 Qc7 11. Rc1 Rd8 12. Re1 e6 13. Bg5 Rd7 14. d5 a6 15. Qc2 exd5 16. Bxd5 b5 17. Bf4 Qb6 18. Be3 Bb7 19. Nf4 1/2-1/2